000 00534nam a2200181Ia 4500
001 33051
003 IN-NITTTR
005 20251114233436.0
008 251113s9999||||xx |||||||||||||| ||eng||
040 _beng
040 _cIN-NITTTR
041 _aeng
082 _aTA174
100 _aDenkena, Berend
245 0 _aCyber-Physical and Gentelligent Systems in Manufacturing and Life Cycle :
_b Genetics and Intelligence – Keys to Industry 4.0 /
_cDenkena, Berend, Mo?rke, Tobias
700 _a Mo?rke, Tobias
942 _2ddc
_cBK
999 _c35608
_d35608